Textbook of diagnostic microbiology (Record no. 35350)

MARC details
000 -LEADER
fixed length control field 00593nam a2200193Ia 4500
020 ## - INTERNATIONAL STANDARD BOOK NUMBER
ISBN 9780323482189
050 ## - CALL MARK
Classification number QR 67 .M34/
100 ## - STATEMENT OF RESPONSIBILITY--MAIN AUTHOR NAME
Personal name Mahon, R. Connie
245 #0 - TITLE STATEMENT
Title Textbook of diagnostic microbiology
250 ## - EDITION / VOLUME STATEMENT
Edition / Volume statement 6th ed.
260 ## - PUBLICATION, DISTRIBUTION, ETC. (IMPRINT)
Place of publication St. Louis, Missouri
260 ## - PUBLICATION, DISTRIBUTION, ETC. (IMPRINT)
Name of publisher Elsevier Saunders
260 ## - PUBLICATION, DISTRIBUTION, ETC. (IMPRINT)
Year of publication 2019
300 ## - PHYSICAL DESCRIPTION
Number of Pages 1072 p
650 ## - SUBJECT ADDED ENTRY--TOPICAL TERM
Topical Term Microbiological Techniques Communicable Diseases--diagnosis Bacterial Infections--diagnosis Virus Diseases--diagnosis Mycoses--diagnosis
942 ## - ADDED ENTRY ELEMENTS (KOHA)
Koha item type Books
Holdings
Withdrawn status Lost status Source of classification or shelving scheme Damaged status Not for loan Permanent Location Current Location Date acquired Accession Number Price effective from Koha item type
    Library of Congress Classification     NILE UNIVERSITY OF NIGERIA - MAIN LIBRARY NILE UNIVERSITY OF NIGERIA - MAIN LIBRARY 04/23/2025 0193704 04/23/2025 Books